Dietario y guía de Barcelona para el año 1930 : antiguo del 'Diario de Barcelona', 'Casa Brusi', fundado en el año 1868 antiguo del 'Diario de Barcelona', 'Casa Brusi', fundado en el año 1868
Descripción Física:
32 cm
MARC
| LEADER | 00000nam a2200000Ia 4500 | ||
|---|---|---|---|
| 001 | 19369 | ||
| 008 | 160829s1929 xx 000 0 cat d | ||
| 080 | |a FOL-3-29 | ||
| 245 | |a Dietario y guía de Barcelona para el año 1930 : |b antiguo del 'Diario de Barcelona', 'Casa Brusi', fundado en el año 1868 | ||
| 260 | |a Barcelona : |b Manufactura General de Libros Rayados R. Gilabert, |c 1929 | ||
| 300 | |a 32 cm | ||
| 590 | |a Al final del dietari inclou: santoral, carrers i places de Madrid, Barcelona i Palma, informacions relatives als transports i correus, llistat d'advocats pertanyets al Col·legi de Barcelona, notaris, metges, farmacèutics, enginyers, arquitectes, entre d'altres. | ||
| 590 | |a Conté anotacions de comptes manuscristes. | ||
| 651 | 0 | |a Barcelona (Catalunya : Província) |v Guies |9 52676 | |
| 901 | |a Arxiu | ||
| 942 | |n 1 | ||
| 952 | |0 0 |1 0 |4 0 |6 FOL329 |7 1 |9 52966 |a Arxiu |b Arxiu |d 2016-12-01 |l 0 |o FOL-3-29 |p 19369 |r 2016-12-01 00:00:00 |w 2016-12-01 |y ARXIU | ||
| 999 | |c 56815 |d 56815 | ||